000 00679cam a22002413a 4500
001 25108
003 PGUSA
005 20140828083535.0
008 080419s2008||||xxu|||||s|||||000 e eng d
040 _aPGUSA
_beng
042 _adc
050 4 _aDU
100 1 _aBecke, Louis,
_d1855-1913
245 1 4 _aThe South Seaman :
_bAn Incident In The Sea Story Of Australia - 1901
_h[electronic resource] /
_cLouis Becke
260 _bProject Gutenberg,
_c2008
506 _aPublic domain in the USA.
516 _aElectronic text
653 _aMutiny
653 _aEssays
830 0 _aProject Gutenberg
_v25108
856 4 0 _uhttp://www.gutenberg.org/ebooks/25108
942 _cEB
999 _c254363
_d254363